| 000 | 01569cam a22003494a 4500 | ||
|---|---|---|---|
| 001 | 12141045 | ||
| 005 | 20040621181949.0 | ||
| 008 | 000814s2001 nyu b 001 0 eng c | ||
| 010 | _a00063349 | ||
| 020 | _a0471347574 (cloth : alk. paper) | ||
| 020 | _z0471208337 (paper) | ||
| 035 | _a(DNLM)100962352 | ||
| 040 |
_aDNLM/DLC _cDLC _dDLC |
||
| 042 | _apcc | ||
| 050 | 0 | 0 |
_aR133 _b.H455 2001 |
| 060 | 1 | 0 |
_aWZ 55 _bH478g 2001 |
| 082 | 0 | 0 |
_a610.9 _221 _bHEL |
| 100 | 1 |
_aHellman, Hal, _d1927- _96582 |
|
| 245 | 1 | 0 |
_aGreat Feuds in Medicine : _bTen of the Liveliest Disputes Ever / _cHal Hellman. |
| 260 |
_aNew York : _bWiley, _cc2001. |
||
| 300 |
_axiii, 237 p. ; _c25 cm. |
||
| 504 | _aIncludes bibliographical references (p. [187]-225) and index. | ||
| 650 | 0 |
_aMedicine _xHistory _vMiscellanea. _96583 |
|
| 650 | 0 |
_aVendetta _vCase studies. _96584 |
|
| 650 | 1 | 2 |
_aHistory of Medicine, Modern. _96585 |
| 856 | 4 | 2 |
_3Contributor biographical information _uhttp://www.loc.gov/catdir/bios/wiley042/00063349.html |
| 856 | 4 | 2 |
_3Publisher description _uhttp://www.loc.gov/catdir/description/wiley034/00063349.html |
| 856 | 4 |
_3Table of Contents _uhttp://www.loc.gov/catdir/toc/onix05/00063349.html |
|
| 942 |
_2ddc _cBB |
||
| 999 |
_c11933 _d11933 |
||